ბათუმის შოთა რუსთაველის სახელმწიფო უნივერსიტეტის ბიბლიოთეკა

Смазки и родственные продукты.=Lubricants and Releted Products. (ბიბ.ჩანაწერი № 41301)

000 -LEADER
fixed length control field 00666nam a2200217Ia 4500
001 - CONTROL NUMBER
control field 7958
003 - CONTROL NUMBER IDENTIFIER
control field GE_BSU
008 - FIXED-LENGTH DATA ELEMENTS--GENERAL INFORMATION
fixed length control field 181216s||||||||xx |||||||||||||| ||und||
040 ## - CATALOGING SOURCE
Transcribing agency GE_BSU
080 ## - UNIVERSAL DECIMAL CLASSIFICATION NUMBER
Universal Decimal Classification number 661.7
100 ## - MAIN ENTRY--PERSONAL NAME
Personal name Кламанн,Д.
245 ## - TITLE STATEMENT
Title Смазки и родственные продукты.=Lubricants and Releted Products.
245 ## - TITLE STATEMENT
Statement of responsibility, etc. Под ред. Ю.С.Заславского.
250 ## - EDITION STATEMENT
Edition statement Перевод с английского Г.И.Липкина.
260 ## - PUBLICATION, DISTRIBUTION, ETC.
Place of publication, distribution, etc. М.
260 ## - PUBLICATION, DISTRIBUTION, ETC.
Name of publisher, distributor, etc. Химия.
260 ## - PUBLICATION, DISTRIBUTION, ETC.
Date of publication, distribution, etc. 1988.
300 ## - PHYSICAL DESCRIPTION
Extent 488стр.22см.
653 ## - INDEX TERM--UNCONTROLLED
Uncontrolled term Смазки и родственные продукты.
942 ## - ADDED ENTRY ELEMENTS (KOHA)
Koha item type წიგნი
ეგზემპლარები
Withdrawn status Lost status Damaged status Not for loan Date acquired Barcode Date last seen Price effective from Koha item type
        2018-12-17 9642 2018-12-17 2018-12-17 წიგნი